Statistiques concernant 🎶 Paroles "Juste une femme" Anne Sylvestre

Cliquez ici pour prendre le quiz!

Statistiques générales

  • Ce quiz a Ă©tĂ© pris 9 fois
  • Le rĂ©sultat moyen est 240 sur 343

Statistiques - réponses

Mots% Correct
Ă 
100%
a
100%
C'
100%
c'
100%
ça
100%
Ce
100%
ce
100%
d'
100%
de
100%
elle
100%
Elle
100%
elles
100%
est
100%
Est
100%
est-
100%
Et
100%
femme
100%
Il
100%
il
100%
J'
100%
Juste
100%
juste
100%
l'
100%
la
100%
le
100%
les
100%
Mais
100%
n'
100%
on
100%
On
100%
Qu'
100%
qu'
100%
que
100%
qui
100%
S'
100%
s'
100%
sa
100%
se
100%
si
100%
son
100%
un
100%
une
100%
vous
100%
y
100%
au
80%
comme
80%
Comme
80%
dans
80%
dès
80%
des
80%
en
80%
Non
80%
ont
80%
pas
80%
plus
80%
Quoi
80%
Quoi,
80%
rien
80%
sous
80%
veut
80%
cette
60%
Dites-
60%
faire
60%
femmes
60%
pense
60%
peut
60%
sentir
60%
soit
60%
vrai,
60%
yeux,
60%
beauté
40%
bout
40%
mains
40%
Mains
40%
mari,
40%
monsieur,
40%
monstre
40%
mort
40%
prend
40%
Sourire
40%
âme
20%
ami,
20%
apprécier
20%
assassin
20%
balladeuses
20%
bedaine
20%
chefaillon
20%
coins
20%
costard
20%
couper
20%
crasse
20%
curé,
20%
désespérer
20%
dévaluer
20%
devrait
20%
dilapider
20%
doive
20%
drame
20%
Ă©pouse
20%
excite
20%
façon
20%
Fermer
20%
flattée
20%
fois
20%
grave
20%
honte
20%
humilier
20%
hypocrite ?
20%
incartade
20%
Inconvenance
20%
inquiéter
20%
intéresse
20%
limaces
20%
mesdames
20%
Messieurs
20%
met
20%
nature
20%
nez
20%
offusquer
20%
ordure
20%
paillasson
20%
patron
20%
Petit
20%
petit
20%
Petite
20%
Petites
20%
plaisanter
20%
plaisanterie
20%
pointure
20%
poussée
20%
pouvoir,
20%
professeur
20%
p'tit
20%
P'tite
20%
recommence
20%
regard
20%
rigolade
20%
salon
20%
saloper
20%
seins
20%
simplement
20%
traitée
20%
trembler
20%
ventouses
20%
vu
20%
bafouer
0%
docteur
0%
Entremetteuses
0%
fredaine
0%
Paroles
0%
salace
0%
saleté
0%
séparer
0%
souffrance
0%
soupçon
0%
visqueuses
0%
voisin,
0%

Distribution des résultats

Percentile par nombre de réponses

% des personnes avec chaque résultat

Votre développement - résultats

Vous n’avez pas pris ce quiz